[Event "Manizales op 28th"]
[Site "Manizales"]
[Date "2023.01.06"]
[Round "2"]
[White "Vargas Benavides, Mauricio"]
[Black "Vargas Cristopulus, Daniel Felipe"]
[Result "1-0"]
[WhiteElo "2125"]
[BlackElo "1849"]
[PlyCount "49"]
[EventDate "2023.01.05"]
[EventType "swiss"]
[EventRounds "8"]
[EventCountry "COL"]
[SourceTitle "CBM 212 Extra"]
[Source "ChessBase"]
[SourceDate "2023.03.31"]
[SourceVersion "1"]
[SourceVersionDate "2023.03.31"]
[SourceQuality "1"]

1. e4 c5 2. Nf3 d6 3. d4 cxd4 4. Nxd4 Nf6 5. Nc3 a6 6. f3 e6 7. Be3 Be7 8. g4 Nc6 9. Qd2 Nxd4 10. Bxd4 e5 11. Be3 Be6 12. g5 Nd7 13. 0-0-0 Qa5 14. Kb1 Rc8 15. Nd5 Qxd2 16. Rxd2 Bxd5 17. Rxd5 0-0 18. h4 Rc6 19. Bh3 Nb6 20. Rd3 g6 21. h5 f5 22. gxf6 Rxf6 23. hxg6 Rxf3 24. Be6+ Kf8 25. Bh6+ 1-0

[Event "Manizales op 28th"]
[Site "Manizales"]
[Date "2023.01.05"]
[Round "1"]
[White "Vargas Cristopulus, Daniel Felipe"]
[Black "Agudelo Ramirez, Santiago"]
[Result "1-0"]
[WhiteElo "1849"]
[BlackElo "1368"]
[PlyCount "49"]
[EventDate "2023.01.05"]
[EventType "swiss"]
[EventRounds "8"]
[EventCountry "COL"]
[SourceTitle "CBM 212 Extra"]
[Source "ChessBase"]
[SourceDate "2023.03.31"]
[SourceVersion "1"]
[SourceVersionDate "2023.03.31"]
[SourceQuality "1"]

1. Nf3 d5 2. e3 Nc6 3. d4 Bf5 4. c3 e6 5. Bd3 Bg6 6. Qe2 Nf6 7. Nbd2 Bd6 8. e4 0-0 9. e5 Bxd3 10. Qxd3 Be7 11. exf6 Bxf6 12. 0-0 Qd7 13. Re1 Rfe8 14. Ne5 Nxe5 15. dxe5 Be7 16. Ne4 Rad8 17. Ng5 g6 18. Bf4 c5 19. Rad1 b5 20. Re3 c4 21. Qc2 a5 22. Rh3 Bxg5 23. Bxg5 Rc8 24. Bf6 a4 25. Qd2 1-0

[Event "COL-ch U2000"]
[Site "Pereira"]
[Date "2022.02.20"]
[Round "8"]
[White "Vargas Cristopulus, Daniel Felipe"]
[Black "Riascos, Guillermo"]
[Result "1-0"]
[WhiteElo "1854"]
[BlackElo "1794"]
[PlyCount "75"]
[EventDate "2022.02.16"]
[EventType "swiss"]
[EventRounds "9"]
[EventCountry "COL"]
[SourceTitle "CBM 207 Extra"]
[Source "ChessBase"]
[SourceDate "2022.05.31"]
[SourceVersion "1"]
[SourceVersionDate "2022.05.31"]
[SourceQuality "1"]

1. e4 e6 2. d4 d5 3. Nd2 Nf6 4. e5 Nfd7 5. Bd3 c5 6. c3 cxd4 7. cxd4 Nc6 8. Ne2 a5 9. 0-0 b6 10. f4 Nb4 11. Bb5 Ba6 12. Bxa6 Rxa6 13. f5 exf5 14. Rxf5 g6 15. Rf3 Bg7 16. Qa4 Qc7 17. Rc3 Qb7 18. Qb5 0-0 19. a3 Nb8 20. axb4 axb4 21. Rxa6 bxc3 22. Rxb6 cxd2 23. Bxd2 Qa7 24. Rb7 Qa8 25. Qxd5 Qa1+ 26. Nc1 Qa4 27. b3 Qa1 28. Qc4 h5 29. h3 Qb1 30. Kh2 Qe4 31. Rc7 Na6 32. Ra7 Nb8 33. Ne2 h4 34. Rc7 Qf5 35. Nf4 Bh6 36. Nd5 Qf2 37. Bxh6 Rd8 38. Nf6+ 1-0

[Event "COL-ch U2000"]
[Site "Pereira"]
[Date "2022.02.17"]
[Round "3"]
[White "Vargas Cristopulus, Daniel Felipe"]
[Black "Giraldo, Emanuel"]
[Result "1/2-1/2"]
[WhiteElo "1854"]
[BlackElo "1663"]
[PlyCount "27"]
[EventDate "2022.02.16"]
[EventType "swiss"]
[EventRounds "9"]
[EventCountry "COL"]
[SourceTitle "CBM 207 Extra"]
[Source "ChessBase"]
[SourceDate "2022.05.31"]
[SourceVersion "1"]
[SourceVersionDate "2022.05.31"]
[SourceQuality "1"]

1. d4 Nf6 2. Nf3 c5 3. c3 Nc6 4. Na3 g6 5. g3 Bg7 6. Bg2 0-0 7. 0-0 d6 8. dxc5 dxc5 9. Qxd8 Rxd8 10. Be3 Bg4 11. Bxc5 Rac8 12. Rfd1 Ne4 13. Be3 a6 14. Rac1 1/2-1/2

[Event "COL-ch U2000"]
[Site "Pereira"]
[Date "2022.02.16"]
[Round "1"]
[White "Vargas Cristopulus, Daniel Felipe"]
[Black "Hernandez, Stefano"]
[Result "1-0"]
[WhiteElo "1854"]
[BlackElo "1706"]
[PlyCount "95"]
[EventDate "2022.02.16"]
[EventType "swiss"]
[EventRounds "9"]
[EventCountry "COL"]
[SourceTitle "CBM 207 Extra"]
[Source "ChessBase"]
[SourceDate "2022.05.31"]
[SourceVersion "1"]
[SourceVersionDate "2022.05.31"]
[SourceQuality "1"]

1. d4 d5 2. Nf3 c6 3. Nbd2 Nd7 4. e3 e6 5. Bd3 Ne7 6. 0-0 Ng6 7. c3 Bd6 8. e4 0-0 9. Re1 b6 10. e5 Be7 11. Nf1 Re8 12. Ng3 Ndf8 13. Bd2 c5 14. Qc1 cxd4 15. Nxd4 Qc7 16. Nf3 Bb7 17. Bg5 Bc5 18. h4 f6 19. h5 Nxe5 20. Nxe5 fxe5 21. Bc2 Qf7 22. Qd2 h6 23. Be3 d4 24. cxd4 exd4 25. Bf4 Bb4 26. Qxb4 Qxf4 27. Be4 Bxe4 28. Rxe4 Qg5 29. Rxd4 Rac8 30. Rg4 Qf6 31. Ne4 Qe5 32. Nd6 a5 33. Qf4 Qxh5 34. Nxe8 Rxe8 35. Rg3 Nh7 36. Qc7 g6 37. Qxb6 Nf6 38. Re1 a4 39. Qc6 a3 40. bxa3 Kf7 41. a4 Re7 42. Qb5 Qh4 43. a5 Ng4 44. Qc5 Nf6 45. Rf3 Qa4 46. Qe5 Qh4 47. a6 Kg7 48. Rb1 1-0

[Event "COL-ch Amateur U2000"]
[Site "Paipa"]
[Date "2020.02.28"]
[Round "4"]
[White "Guarin Fonseca, Nobel Alfredo"]
[Black "Vargas Cristopulus, Daniel Felipe"]
[Result "0-1"]
[WhiteElo "1665"]
[BlackElo "1809"]
[PlyCount "80"]
[EventDate "2020.02.26"]
[EventType "swiss"]
[EventRounds "9"]
[EventCountry "COL"]
[SourceTitle "CBM 195 Extra"]
[Source "ChessBase"]
[SourceDate "2020.05.31"]
[SourceVersion "1"]
[SourceVersionDate "2020.05.31"]
[SourceQuality "1"]

1. e4 g6 2. d4 d6 3. Nf3 Bg7 4. Bf4 Nf6 5. Nbd2 0-0 6. Bc4 d5 7. exd5 Nxd5 8. Be5 Nf6 9. c3 Nbd7 10. Bf4 c5 11. Nb3 cxd4 12. cxd4 Nb6 13. Be2 Bf5 14. Rc1 Nbd5 15. Be5 Bh6 16. Nfd2 Rc8 17. Rxc8 Qxc8 18. Nc5 b6 19. Nd3 Qc6 20. 0-0 Rc8 21. Bxf6 Qxf6 22. Ne5 Rc2 23. Ndc4 b5 24. Ng4 Bxg4 25. Qxc2 Bf5 26. Qb3 Nf4 27. Bf3 bxc4 28. Qxc4 Kg7 29. Qc5 Ne6 30. Qxa7 Nxd4 31. Qa3 Nxf3+ 32. gxf3 Bf4 33. Qc3 e5 34. Re1 Qg5+ 35. Kf1 Bd7 36. Ke2 Qg2 37. Qc5 Bf5 38. Rd1 e4 39. Qd4+ Kh6 40. fxe4 Bg4+ 0-1

[Event "COL-ch Amateur U2000"]
[Site "Paipa"]
[Date "2020.02.27"]
[Round "3"]
[White "Vargas Cristopulus, Daniel Felipe"]
[Black "Vargas, Edwin Antonio"]
[Result "1-0"]
[WhiteElo "1809"]
[BlackElo "1995"]
[PlyCount "85"]
[EventDate "2020.02.26"]
[EventType "swiss"]
[EventRounds "9"]
[EventCountry "COL"]
[SourceTitle "CBM 195 Extra"]
[Source "ChessBase"]
[SourceDate "2020.05.31"]
[SourceVersion "1"]
[SourceVersionDate "2020.05.31"]
[SourceQuality "1"]

1. d4 d5 2. e3 f5 3. c4 e6 4. Nf3 Nf6 5. Be2 c6 6. 0-0 Bd6 7. b3 0-0 8. Ba3 Bxa3 9. Nxa3 Qe7 10. Nb1 Nbd7 11. Nbd2 Qd6 12. Qb1 Ne4 13. Qd3 Rf6 14. Rab1 Rh6 15. b4 g5 16. g3 a6 17. a4 Rg6 18. Ne1 Nxd2 19. Qxd2 dxc4 20. Bxc4 b5 21. axb5 cxb5 22. Be2 Bb7 23. Bf3 Bxf3 24. Nxf3 g4 25. Nh4 Rg7 26. Rfc1 Nb6 27. Qa2 Nc4 28. Rd1 Qd5 29. Qe2 a5 30. bxa5 Rxa5 31. Ng2 Rga7 32. Nf4 Qe4 33. Nh5 Kf7 34. d5 Ne5 35. dxe6+ Kg6 36. Nf4+ Kh6 37. Ng2 Nf3+ 38. Kh1 Ra2 39. Rb2 Ra1 40. e7 Qxe7 41. Rxb5 Nd4 42. Rb6+ Kg5 43. h4+ 1-0

[Event "Tunja Liga Boyaca"]
[Site "Tunja"]
[Date "2017.12.15"]
[Round "2.12"]
[White "Torres, Carlos Andres"]
[Black "Vargas Cristopulus, Daniel Felipe"]
[Result "1-0"]
[WhiteElo "2027"]
[BlackElo "1744"]
[PlyCount "53"]
[EventDate "2017.12.14"]
[EventType "swiss"]
[EventRounds "7"]
[EventCountry "COL"]
[SourceTitle "EXT 2024"]
[Source "ChessBase"]
[SourceDate "2023.10.10"]
[SourceVersion "1"]
[SourceVersionDate "2023.10.10"]
[SourceQuality "1"]

1. e4 c5 2. Nf3 d5 3. d4 cxd4 4. Nxd4 Nf6 5. Nc3 a6 6. Bg5 e6 7. f4 Be7 8. Qf3 Nbd7 9. 0-0-0 Qc7 10. g4 h6 11. Bh4 g5 12. e5 gxf4 13. Bxf6 Nxf6 14. exf6 Bxf6 15. Qe2 Bxd4 16. Rxd4 e5 17. Rxd5 f6 18. Ne4 f5 19. Nf6+ Kf7 20. Nh5 e4 21. gxf5 Re8 22. Qc4 Qb8 23. Re5+ Be6 24. Rxe6 Rxe6 25. Qxe6+ Kf8 26. Rg1 Qe8 27. Qg8+ 1-0

[Event "COL-ch Amateur U1700"]
[Site "Bogota"]
[Date "2017.03.04"]
[Round "5"]
[White "Vargas Cristopulus, Daniel Felipe"]
[Black "Escobar, Camilo Hernando"]
[Result "1-0"]
[WhiteElo "1633"]
[BlackElo "1611"]
[PlyCount "65"]
[EventDate "2017.03.02"]
[EventType "swiss"]
[EventRounds "7"]
[EventCountry "COL"]
[SourceTitle "CBM 177 Extra"]
[Source "ChessBase"]
[SourceDate "2017.04.27"]
[SourceVersion "1"]
[SourceVersionDate "2017.04.27"]
[SourceQuality "1"]

1. e4 d5 2. exd5 Nf6 3. d4 Bg4 4. Be2 Bxe2 5. Qxe2 Qxd5 6. Nf3 e6 7. c4 Bb4+ 8. Bd2 Bxd2+ 9. Nbxd2 Qf5 10. 0-0 0-0 11. b4 Nc6 12. b5 Ne7 13. Rab1 Ng6 14. g3 Rad8 15. Rfd1 h5 16. h4 Qg4 17. Kh2 Rd7 18. Nf1 Qf5 19. Ne3 Ng4+ 20. Kg2 Qe4 21. Qd3 Qxd3 22. Rxd3 Rfd8 23. Rbd1 N4e5 24. Nxe5 Nxe5 25. R3d2 Ng6 26. f4 Ne7 27. Kf3 c6 28. bxc6 Nxc6 29. d5 exd5 30. cxd5 g6 31. dxc6 Rxd2 32. Rxd2 Rxd2 33. c7 1-0